Statistiken für Geographie nach Buchstabe - J

Klicken Sie hier um das Quiz zu spielen!

Allgemein

  • Dieses Quiz wurde 1,559 mal gespielt
  • Das Durchschnittsergebnis liegt bei 12 aus 20

Antwortstatistiken

Hinweis Antwort % Korrekt
"Land der aufgehenden Sonne"Japan
95%
Geburtsort der Reggae-MusikJamaika
94%
Hauptstadt IndonesiensJakarta
91%
Religion, welche der Thora folgtJudentum
89%
Dieses Musikgenre entstand
in New Orleans
Jazz
89%
Größte Stadt SüdafrikasJohannesburg
88%
Diese Stadt wurde von König
David gegründet
Jerusalem
88%
Fußballmannschaft aus TurinJuventus
81%
Insel auf welcher Sie die
obengenannte finden können
Java
69%
Französische Version des
Vornamens Johannes
Jean
65%
Fluss, welcher den See Genezareth mit
dem Toten Meer verbindet
Jordan
64%
Halbinsel, welche den größten
Teil Dänemarks ausmacht
Jütland
64%
Größte KanalinselJersey
50%
Hauptstadt von AlaskaJuneau
43%
Hauptstadt des SüdsudansJuba
39%
Größte Stadt FloridasJacksonville
37%
Erste dauerhafte englische
Siedlung in Nordamerika
Jamestown
19%
Gewaltfreie indische ReligionJainismus
15%
Gericht aus der Cajun-Küche,
ähnlich wie Paella
Jambalaya
13%
Indische Stadt oder eine ReithoseJodhpur
12%

Verteilung der Resultate

Perzentil nach korrekt beantworteten Fragen

Anzahl Personen mit jedem Resultat

Ihre Resultats-Entwicklung

Sie haben dieses Quiz noch nicht gespielt